00327nam a2200133Ia 45000030006000000080041000060400015000471000022000622450048000842500010001322600022001425460012001640050017001760STCL150530s9999 xx 000 0 und d aSTCLcSTCL aRosamond Lawernce aCharles Napier Friend and Fighter 1782-1853 aFirst bJohn Murrayc1952 aEnglish20220125171410.0